00463nam a2200169 a 4500001001300000003000900013005001700022008004100039020002300080082001500103100001900118245005200137260004300189300000900232500003500241650001700276nice12345678IN_TiNIC20260116014027.0070413s2004 lona grp 000 0 eng  a0415181569 c29500a306.6bRAP aRapport, Nigel aKey Concepts in Social and Culture Anthropology aLondon bRoutledge Chapman Hall c2004 a464p aincludes index and biblioraphy aAnthropology